Kreatív informatika mindennapi informatika

Bibliographic Details
Main Authors: Kalaš, Ivan, 1957- (Author), Winczer, Michal (Author)
Other Authors: Lovász, Tibor (Translator)
Format: Book
Language:Hungarian
Slovak
PhysicalDescription:48 s. fareb. fotogr. a ilustr. 30 cm
Published: Bratislava Slovenské pedagogické nakladateľstvo 2007
ISBN:9788010012909
Edition:1. kiad.
Subjects:

MARC

LEADER 00000nam a2200000 a 4500
001 vtls009191357
003 SK-MaSNL
005 20260301023904.0
008 240314s2007 xo oa c p 000 0 hun
015 |a SNBA2008/04-01610 
020 |a 9788010012909  |q (brož.) 
035 |a EF00F719-2C7D-4053-A409-941E2D180F4F 
035 |a urn:nbn:sk:snk-amjvhn 
035 |a urn:nbn:sk:snk-am007yyu 
040 |a SNK  |b slo  |c SNK  |e AACR2 
041 1 |a hun  |h slo 
044 |a xo  |c SK 
072 7 |a 007  |x Teória systémov. Automatické systémy. Kybernetika. Informačné systémy  |2 konspekt 
072 7 |a 37.016  |x Učebné osnovy. Vyučovacie predmety. Učebnice  |2 konspekt 
080 |a 007+004  |2 2001 
080 |a (075.2)  |2 2001 
080 |a (075.3)  |2 2001 
100 1 |a Kalaš, Ivan,  |d 1957-  |4 aut  |9 99347 
240 1 0 |a Tvorivá informatika, Informatika okolo nás  |l Maďarsky 
245 1 0 |a Kreatív informatika  |b mindennapi informatika  |c Ivan Kalaš, Michal Winczer ; [fordította Lovász Tibor] 
250 |a 1. kiad. 
260 |a Bratislava  |b Slovenské pedagogické nakladateľstvo  |c 2007 
300 |a 48 s.  |b fareb. fotogr. a ilustr.  |c 30 cm 
500 |a Tir. aj slov. 
650 0 7 |a informatika  |2 SNKPH  |9 1124 
655 7 |a učebnice základných škôl  |2 SNKPH  |9 70187 
655 7 |a učebnice stredných škôl  |2 SNKPH  |9 69323 
700 1 |a Winczer, Michal  |4 aut  |9 11608 
700 1 |a Lovász, Tibor  |4 trl  |9 317008 
919 |a 978-80-10-01290-9 
958 |a OND 
958 |a HU 
958 |a NM 
968 |a Mag  |b SLO  |d 37 
999 |c 570039  |d 571969 
952 |a SNK  |b SNK  |y PREZ  |7 0  |p 17A0583415  |o snkSB 75839  |i snk2008/6291  |8 0  |0 0  |1 0  |4 0  |d 2008-03-12  |f 1  |l 0  |r 2025-04-28 00:00:00  |w 2026-02-23 
952 |a SNK  |b SNK  |y VYP  |7 0  |p 17A0583413  |o snkSB 75839 D1  |i snk2008/6292  |8 0  |0 0  |1 0  |4 0  |d 2008-03-12  |l 0  |r 2016-06-30 00:00:00  |w 2026-02-23